000 00724nam a2200205Ia 4500
003 GCL
008 140319s9999 xx 000 0 ara d
040 _aGCL /
_cGCL
082 0 4 _aم
_b953.02
_bب ك
100 1 _aالبلاذرى : ابوالعباسى احمد بن
245 1 0 _aكتاب فتوح البلدان /
_cالبلاذرى : ابوالعباسى احمد بن
260 _a[S.N] :
_bالهيئة المصرية العامة للكتاب
300 _aمتعدد
490 _aشكاوى المصرى الفصيح
_v0
650 0 4 _aالعالم العربى
650 0 4 _aالفتوحات الاسلامية
650 0 4 _aالتاريخ الاسلامى
650 0 4 _aالتاريخ
942 _2ddc
_cREF
999 _c59286
_d59286